000 00373nam a2200157Ia 4500
008 230312s9999||||xx |||||||||||||| ||und||
020 _a0-14-566758-1
082 _a658.8
_bAPT
100 _aApte, Govind
245 0 _aService Marketing
260 _bOxford Press
_aOxford
_c2004
300 _a440
546 _aEng.
650 _aManagement
_vConsumer Behavior
942 _cBK
999 _c377
_d377